Leadership and nursing care management / (Record no. 7778)

MARC details
000 -LEADER
fixed length control field 00594pam a2200193 a 4500
020 ## - INTERNATIONAL STANDARD BOOK NUMBER
ISBN 9781416001683
050 10 - CALL NUMBER
Classification number RT89
Item number .H83
100 1# - AUTHOR
Personal name Huber, Diane.
245 10 - TITLE
Title Leadership and nursing care management /
Statement of responsibility, etc Diane Huber.
250 ## - EDITION
Edition statement 3rd
260 ## - PUBLICATION INFORMATION
Place of publication Philadelphia :
Name of publisher Saunders,
Year of publication 2006
300 ## - DESCRIPTION
Number of Pages xxi, 922p. :
Other physical details ill. ;
Dimensions 24 cm.
650 #0 - SUBJECTS
Topical Term Nursing services
General subdivision Administration.
650 #0 - SUBJECTS
Topical Term Nursing services
General subdivision Administration.
650 12 - SUBJECTS
Topical Term Nursing Services
General subdivision organization & administration
650 22 - SUBJECTS
Topical Term Nursing, Supervisory.
650 22 - SUBJECTS
Topical Term Leadership
General subdivision nurses' instruction.
942 ## - ADDED ENTRY ELEMENTS (KOHA)
Koha item type Books
Holdings
Withdrawn status Lost status Home library Current library Date acquired Full call number Accession Number Koha item type
    Methodist University Library Wenchi Nursing Methodist University Library Wenchi Nursing 24/09/2021 RT89 .H83 2651 Books
    Methodist University Library Wenchi Nursing Methodist University Library Wenchi Nursing 24/09/2021 RT89 .H83 2985 Books
Copyright © 2026  MUG Library